| 000 | 02309nam a22002537a 4500 | ||
|---|---|---|---|
| 003 | URS | ||
| 005 | 20240422212111.0 | ||
| 008 | 240422b |||||||| |||| 00| 0 eng d | ||
| 050 | 0 | 0 |
_aLG 221.R59 R93 _b2014 |
| 100 | 1 |
_aRutaquio, Irish R. _eResearcher |
|
| 245 | 1 | 0 |
_aFeasibility study in establishing Chllux Flair Mobile Bar and Liquor Mixing in Fairview , Quezon City/ _cIrish R. Ruttaquio; John Christopher F. Orias, [and] Analiza P. Tubongbanua |
| 260 | 1 | _c2014 | |
| 300 |
_aix, 96 leaves, _billustration, _c28 cm |
||
| 336 |
_2rdacontent _atext |
||
| 337 |
_2rdamedia _aunmediated |
||
| 338 |
_2rdacarrier _avolume |
||
| 502 |
_aUndergraduate Thesis _bBachelor of Science in Business Administration Major in Marketing Management _cUniversity of Rizal System, Rodriguez, Rizal _d2014 |
||
| 520 | _aThe proposed name of the project will be known as "CHILLUX FLAIR (Mobile Bar and Liquor Mixing)" that came from a retail business establishment "BAR" that serves alcoholic drink. The term "BAR" is derived from the specialized counter on which drinks are served. There have been many names throughout history for establishments where people gather to drink alcoholic beverages. Even when an establishment uses a different name, such as "TAVERN", the establishment where the bartender pours or mixes alcoholic beverages is normally called "THE BAR". The proponents agreed to form a partnership. It classified as "Limited Partnership", where the partners could either be limited and general partners. A Limited Partnership is a form of partnership similar to a general partnership, except that in addition to one or more general partners. It is a partnership, which only one is required to be a general partner, it manage and control authority to bind the partnership. In establishing this project proposal, this will be a useful guide and effective medium for learning and understanding the principle, practices and methods of the business areas. Moreover, this a simple and direct practice to become successful entrepreneur in future career. | ||
| 650 | _2Feasibility study in establishing Chllux Flair Mobile Bar and Liquor Mixing | ||
| 700 |
_aOrias, John Christopher F. _eResearcher |
||
| 700 |
_aTubongbanua, analiza P. _eResearcher |
||
| 700 |
_aManiaol, Adrian P. _eAdviser |
||
| 942 |
_2lcc _cT |
||
| 999 |
_c79695 _d79694 |
||